Germany States by Picture - Statistics

General Stats
  • This quiz has been taken 23 times
  • The average score is 11 of 16
Answer Stats
Picture Answer % Correct
Bavaria
100%
Berlin
95%
Hamburg
95%
Bremen
89%
Hesse
84%
Saxony
79%
Brandenburg
74%
Mecklenburg-Vorpommern
74%
Schleswig-Holstein
74%
Lower Saxony
63%
North Rhine-Westphalia
63%
Thuringia
58%
Saarland
53%
Saxony-Anhalt
42%
Baden-Wurtemberg
26%
Rhineland-Palatine
0%
No matching quizzes found
Score Distribution
Percent of People with Each Score
Percentile by Number Answered
Your Score History
You have not taken this quiz